[Event "2. Bundesliga Mitte 2011/12"]
[Site "Graz"]
[Date "2011.12.03"]
[Round "5"]
[Board "6"]
[White "Hatzl, Johannes"]
[Black "Spindelboeck, Gernot"]
[Result "1/2-1/2"]
[WhiteElo "2103"]
[BlackElo "2235"]
[PlyCount "42"]
[EventDate "2011.10.21"]
[EventType "team"]
[EventRounds "11"]
[EventCountry "AUT"]
[WhiteTeam "SK Sparkasse Fuerstenfeld"]
[BlackTeam "ESV Austria Graz"]

1. e4 c5 2. c3 e6 3. d4 d5 4. exd5 exd5 5. Be3 c4 6. b3 cxb3 7. axb3 Nf6 8. Bd3
Bd6 9. h3 O-O 10. Qf3 Re8 11. Nd2 Nc6 12. Ne2 Be6 13. O-O a6 14. Ng3 Rc8 15.
Bg5 Be7 16. Nf5 Bxf5 17. Bxf5 Ra8 18. Rfe1 Qd6 19. Bf4 Qd8 20. Bg5 Qd6 21. Bf4
Qd8 1/2-1/2

[Event "2. Bundesliga Mitte 2011/12"]
[Site "Steyregg"]
[Date "2011.12.03"]
[Round "5"]
[Board "2"]
[White "Felsberger, Alfred"]
[Black "Singer, Christoph"]
[Result "1/2-1/2"]
[WhiteElo "2361"]
[BlackElo "2362"]
[PlyCount "171"]
[EventDate "2011.10.21"]
[EventType "team"]
[EventRounds "11"]
[EventCountry "AUT"]
[WhiteTeam "Union Ansfelden"]
[BlackTeam "SpG. Spark. Grieskirchen/Schallerb."]

1. e4 e5 2. Nf3 Nc6 3. d4 exd4 4. Bc4 Bc5 5. c3 Nf6 6. e5 d5 7. Bb5 Ne4 8. cxd4
Be7 9. Nc3 O-O 10. Be3 Bg4 11. Qb3 Bxf3 12. gxf3 Nxc3 13. bxc3 f6 14. O-O-O Na5
15. Qa4 c6 16. Bd3 Kh8 17. Rhg1 b5 18. Qc2 Nc4 19. Bxh7 f5 20. Bxf5 Ba3+ 21.
Kb1 Bb2 22. Qd3 Bxc3 23. Rg5 Nxe3 24. Rh5+ Kg8 25. Be6+ Rf7 26. Qg6 Qe7 27.
Bxf7+ Qxf7 28. Rh8+ Kxh8 29. Qxf7 Nxd1 30. Kc2 Bxd4 31. Kxd1 Bxe5 32. Qh5+ Kg8
33. Qxe5 Rf8 34. Ke2 Rf6 35. Qb8+ Kh7 36. Qxa7 Re6+ 37. Kd2 Rh6 38. Qc7 Rf6 39.
f4 Rh6 40. Ke3 Rf6 41. Qe5 Kg8 42. Kd4 Kh7 43. Kc5 Rh6 44. f5 Rf6 45. Kb6 Kg8
46. Kc7 Kh7 47. Qe6 Rh6 48. a3 Rf6 49. Kxc6 d4 50. Kxb5 Rxe6 51. fxe6 d3 52. e7
d2 53. e8=Q d1=Q 54. Qe4+ Kh8 55. Qh4+ Kg8 56. Qc4+ Kh8 57. a4 Qh5+ 58. Qc5
Qxh2 59. a5 Qb8+ 60. Qb6 Qe5+ 61. Kc6 Qe4+ 62. Kc7 Qe5+ 63. Kc8 Qf5+ 64. Kb8
Qe5+ 65. Ka8 Qd5+ 66. Ka7 Qd7+ 67. Qb7 Qd4+ 68. Ka8 Qxf2 69. a6 Qd4 70. a7 Kh7
71. Qh1+ Kg8 72. Qc6 Kh7 73. Qc2+ Kh8 74. Qh2+ Kg8 75. Qc7 Kh7 76. Qc2+ Kh8 77.
Qc6 Kh7 78. Kb7 Qb4+ 79. Qb6 Qe4+ 80. Qc6 Qb4+ 81. Ka6 Qa3+ 82. Kb6 Qb4+ 83.
Qb5 Qd6+ 84. Qc6 Qb4+ 85. Ka6 Qa3+ 86. Kb7 1/2-1/2

[Event "2. Bundesliga Mitte 2011/12"]
[Site "Steyregg"]
[Date "2011.12.03"]
[Round "5"]
[Board "3"]
[White "Schwabeneder, Florian"]
[Black "Moser, Guenter"]
[Result "1/2-1/2"]
[WhiteElo "2252"]
[BlackElo "2343"]
[PlyCount "71"]
[EventDate "2011.10.21"]
[EventType "team"]
[EventRounds "11"]
[EventCountry "AUT"]
[WhiteTeam "SpG. Spark. Grieskirchen/Schallerb."]
[BlackTeam "Union Ansfelden"]

1. d4 f5 2. Nc3 Nf6 3. Bg5 g6 4. h4 Bg7 5. Qd2 d5 6. Nh3 Be6 7. e3 c6 8. Nf4
Bf7 9. h5 Nbd7 10. hxg6 hxg6 11. Rxh8+ Bxh8 12. f3 Nh7 13. Nh3 Qc7 14. f4 Ndf6
15. Bxf6 exf6 16. Bd3 Bg7 17. O-O-O O-O-O 18. Nf2 Nf8 19. Rh1 Kb8 20. g4 fxg4
21. Nxg4 Be8 22. Kb1 Ka8 23. Ne2 Qe7 24. a3 Bd7 25. Nf2 Re8 26. Nd1 Bg4 27.
Nec3 f5 28. Be2 Bxe2 29. Nxe2 Nd7 30. Rg1 Qf7 31. Nc1 Nf6 32. Nd3 Ng4 33. N3f2
Nf6 34. Nd3 Ng4 35. N3f2 Nf6 36. Nd3 1/2-1/2

[Event "2. Bundesliga Mitte 2011/12"]
[Site "Steyregg"]
[Date "2011.12.03"]
[Round "5"]
[Board "5"]
[White "Humer, Wolfgang"]
[Black "Knoll, Hermann"]
[Result "0-1"]
[WhiteElo "2244"]
[BlackElo "2364"]
[PlyCount "100"]
[EventDate "2011.10.21"]
[EventType "team"]
[EventRounds "11"]
[EventCountry "AUT"]
[WhiteTeam "SpG. Spark. Grieskirchen/Schallerb."]
[BlackTeam "Union Ansfelden"]

1. e4 c5 2. Nf3 d6 3. c3 Nf6 4. h3 Nbd7 5. Bd3 e6 6. Bc2 b6 7. O-O Bb7 8. Re1
Be7 9. d4 Qc7 10. Bf4 Rc8 11. e5 Nd5 12. exd6 Bxd6 13. Bxd6 Qxd6 14. Na3 cxd4
15. Qxd4 Qf4 16. Qxg7 Qf6 17. Qxf6 N7xf6 18. Kh2 Rg8 19. Ne5 Nxc3 20. g3 Ncd5
21. Bb3 Ke7 22. Nb5 Rc5 23. Nd4 h5 24. Nd3 Rc7 25. Nf5+ Kf8 26. Nd6 Ba6 27. Ne5
Rg5 28. f4 Rg7 29. Rac1 Rxc1 30. Rxc1 Ke7 31. Bxd5 Nxd5 32. Ne4 Bb7 33. Nc3
Nxf4 34. Nb5 Nd5 35. Nxa7 f6 36. Nec6+ Ke8 37. Nb5 Rd7 38. Ncd4 Kf7 39. Re1 e5
40. Nf5 Bc6 41. Na3 Ne7 42. Nxe7 Rd2+ 43. Kg1 Kxe7 44. Rc1 Be4 45. Nc4 Rg2+ 46.
Kf1 Rxg3 47. Nxb6 Rxh3 48. Rc7+ Kd6 49. Rf7 Ke6 50. Rf8 Rh2 0-1

[Event "2. Bundesliga Mitte 2011/12"]
[Site "Steyregg"]
[Date "2011.12.03"]
[Round "5"]
[Board "6"]
[White "Casagrande, Harald"]
[Black "Obermayr, Hermann"]
[Result "0-1"]
[WhiteElo "2321"]
[BlackElo "2195"]
[PlyCount "66"]
[EventDate "2011.10.21"]
[EventType "team"]
[EventRounds "11"]
[EventCountry "AUT"]
[WhiteTeam "Union Ansfelden"]
[BlackTeam "SpG. Spark. Grieskirchen/Schallerb."]

1. b3 e6 2. Bb2 c5 3. c4 Nf6 4. g3 d5 5. cxd5 exd5 6. Bg2 Nc6 7. Nf3 d4 8. O-O
Be7 9. d3 O-O 10. Nbd2 Rb8 11. Rc1 Re8 12. a3 a5 13. Ng5 Nd5 14. Ngf3 Bf5 15.
Re1 b6 16. Nc4 Bf6 17. a4 Ncb4 18. Ra1 Rb7 19. Nfd2 Rd7 20. Na3 h5 21. Qb1 g6
22. Ne4 Bg7 23. Nb5 Nf6 24. Nxf6+ Bxf6 25. Bf3 Bg7 26. h4 Rde7 27. Rd1 Bg4 28.
Bc1 Bxf3 29. exf3 Re1+ 30. Rxe1 Rxe1+ 31. Kg2 Qd5 32. Qb2 Nxd3 33. Qc2 Ne5 0-1

[Event "2. Bundesliga Mitte 2011/12"]
[Site "Steyregg"]
[Date "2011.12.03"]
[Round "5"]
[Board "1"]
[White "Hajnal, Zoltan"]
[Black "Gergacz, Attila"]
[Result "1/2-1/2"]
[WhiteElo "2431"]
[BlackElo "2426"]
[PlyCount "68"]
[EventDate "2011.10.21"]
[EventType "team"]
[EventRounds "11"]
[EventCountry "AUT"]
[WhiteTeam "ASK St. Valentin"]
[BlackTeam "SV Steyregg"]

1. e4 c6 2. d4 d5 3. Nc3 dxe4 4. Nxe4 Bf5 5. Ng3 Bg6 6. h4 h6 7. Nf3 Nd7 8. h5
Bh7 9. Bd3 Bxd3 10. Qxd3 e6 11. Bf4 Qa5+ 12. Bd2 Qc7 13. O-O-O O-O-O 14. Ne4
Nc5 15. Nxc5 Bxc5 16. g3 Nf6 17. Qe2 Bd6 18. c4 c5 19. Bc3 Rhe8 20. Ne5 cxd4
21. Bxd4 Bxe5 22. Bxe5 Qc5 23. f4 Rxd1+ 24. Rxd1 Rd8 25. Rxd8+ Kxd8 26. Bxf6+
gxf6 27. g4 Ke7 28. Qe4 Kf8 29. Qxb7 Qxc4+ 30. Kb1 Qf1+ 31. Kc2 Qc4+ 32. Kb1
Qd3+ 33. Kc1 Qe3+ 34. Kb1 Qd3+ 1/2-1/2

[Event "2. Bundesliga Mitte 2011/12"]
[Site "Steyregg"]
[Date "2011.12.03"]
[Round "5"]
[Board "2"]
[White "Nemeth, Miklos"]
[Black "Sandhoefner, Florian"]
[Result "1-0"]
[WhiteElo "2438"]
[BlackElo "2201"]
[PlyCount "35"]
[EventDate "2011.10.21"]
[EventType "team"]
[EventRounds "11"]
[EventCountry "AUT"]
[WhiteTeam "SV Steyregg"]
[BlackTeam "ASK St. Valentin"]

1. e4 c5 2. Nf3 d6 3. d4 cxd4 4. Nxd4 Nf6 5. Nc3 a6 6. Bg5 e6 7. f4 Qb6 8. Qd3
Qxb2 9. Rb1 Qa3 10. f5 Nc6 11. fxe6 fxe6 12. Nxc6 bxc6 13. Be2 Be7 14. Bh5+ Kf8
15. e5 dxe5 16. O-O e4 17. Qg3 Bd7 18. Rb8+ 1-0

[Event "2. Bundesliga Mitte 2011/12"]
[Site "Steyregg"]
[Date "2011.12.03"]
[Round "5"]
[Board "5"]
[White "Heimberger, Reinhard"]
[Black "Enoeckl, Philipp"]
[Result "1/2-1/2"]
[WhiteElo "2313"]
[BlackElo "2292"]
[PlyCount "99"]
[EventDate "2011.10.21"]
[EventType "team"]
[EventRounds "11"]
[EventCountry "AUT"]
[WhiteTeam "ASK St. Valentin"]
[BlackTeam "SV Steyregg"]

1. d4 Nf6 2. g3 g6 3. Bg2 d5 4. Nf3 Bg7 5. O-O O-O 6. c4 c6 7. b3 Bf5 8. Bb2
Qa5 9. Nc3 Ne4 10. Qc1 Nxc3 11. Bxc3 Qa6 12. Nd2 Be6 13. e4 dxc4 14. d5 cxd5
15. exd5 Bf5 16. Bxg7 Kxg7 17. Nxc4 Nd7 18. Qf4 Qf6 19. Rad1 g5 20. Qc7 Rfc8
21. Qxb7 Rab8 22. Qxa7 Ra8 23. Qe3 Rxa2 24. d6 Be6 25. dxe7 Qxe7 26. Nd6 Rc5
27. Bc6 Re5 28. Qc3 f6 29. b4 Ree2 30. Bf3 Rec2 31. Qe3 Ne5 32. Be4 Ng4 33. Qd4
Rxf2 34. Rxf2 Nxf2 35. Bb1 Nh3+ 36. Kh1 Re2 37. Rf1 Nf2+ 38. Rxf2 Rxf2 39. Qxf2
Qxd6 40. Qc2 f5 41. Qc3+ Kf7 42. Bd3 Qd5+ 43. Kg1 Qf3 44. Qc7+ Kf6 45. Qd8+ Kf7
46. Bb5 Qe3+ 47. Kf1 Qf3+ 48. Ke1 Qe3+ 49. Be2 f4 50. gxf4 1/2-1/2

[Event "2. Bundesliga Mitte 2011/12"]
[Site "Steyregg"]
[Date "2011.12.03"]
[Round "5"]
[Board "6"]
[White "Kubinger, Thomas"]
[Black "Trauner, Rudolf"]
[Result "1/2-1/2"]
[WhiteElo "2170"]
[BlackElo "2195"]
[PlyCount "75"]
[EventDate "2011.10.21"]
[EventType "team"]
[EventRounds "11"]
[EventCountry "AUT"]
[WhiteTeam "SV Steyregg"]
[BlackTeam "ASK St. Valentin"]

1. d4 d5 2. c4 e6 3. Nf3 Nf6 4. Nc3 Bb4 5. Bg5 c5 6. cxd5 Qxd5 7. Bxf6 gxf6 8.
a3 Bxc3+ 9. bxc3 Nc6 10. e3 Qd6 11. Nd2 f5 12. Be2 O-O 13. O-O b6 14. Nc4 Qc7
15. Bf3 Ba6 16. Qa4 Bxc4 17. Qxc4 Rac8 18. d5 Ne5 19. Qf4 Nxf3+ 20. Qxf3 Rcd8
21. Rad1 Qe5 22. c4 Kh8 23. dxe6 fxe6 24. Qb7 Qg7 25. Qc6 Qe7 26. Qf3 Rxd1 27.
Rxd1 Rd8 28. Rxd8+ Qxd8 29. g3 Qd7 30. Qf4 Kg7 31. Qe5+ Kf7 32. Qh8 Kg6 33. h4
a6 34. Qg8+ Kf6 35. Qg5+ Kf7 36. Qh6 Kg8 37. Qg5+ Kf7 38. Qh6 1/2-1/2

[Event "2. Bundesliga Mitte 2011/12"]
[Site "Maria Saal"]
[Date "2011.12.04"]
[Round "6"]
[Board "1"]
[White "Pilaj, Herwig"]
[Black "Stevic, Hrvoje"]
[Result "0-1"]
[WhiteElo "2362"]
[BlackElo "2621"]
[PlyCount "86"]
[EventDate "2011.10.21"]
[EventType "team"]
[EventRounds "11"]
[EventCountry "AUT"]
[WhiteTeam "SC Die Klagenfurter"]
[BlackTeam "ZH-Technologies-Wolfsberg"]

1. d4 {[%emt 0:00:00]} d5 2. c4 dxc4 3. Nf3 Nf6 4. e3 Bg4 5. Nbd2 e6 6. Nxc4
Bb4+ 7. Bd2 Bxd2+ 8. Ncxd2 Nbd7 9. Be2 c5 10. O-O O-O 11. h3 Bh5 12. dxc5 Nxc5
13. Ne5 Qd5 14. Ndf3 Rac8 15. Qxd5 Nxd5 16. g4 Bg6 17. Nxg6 hxg6 18. Rfd1 Na4
19. Rd2 Rc5 20. Nd4 Rfc8 21. Bf3 b5 22. Nb3 Rc2 23. Bxd5 Rxd2 24. Bxe6 fxe6 25.
Nxd2 Nxb2 26. Nf3 Nd3 27. Nd4 b4 28. Nxe6 Rc1+ 29. Rxc1 Nxc1 30. Kf1 a5 31. Nc5
Kf7 32. Ke1 Nxa2 33. Kd2 Nc3 34. Kc2 a4 35. Nd3 Ne4 36. f4 b3+ 37. Kb2 Ke6 38.
h4 Kd5 39. g5 Nd6 40. Ka3 Nc4+ 41. Kxa4 b2 42. Nxb2 Nxb2+ 43. Kb3 Nd3 0-1

[Event "2. Bundesliga Mitte 2011/12"]
[Site "Maria Saal"]
[Date "2011.12.04"]
[Round "6"]
[Board "2"]
[White "Kozul, Zdenko"]
[Black "Wertjanz, David"]
[Result "1-0"]
[WhiteElo "2541"]
[BlackElo "2257"]
[PlyCount "201"]
[EventDate "2011.10.21"]
[EventType "team"]
[EventRounds "11"]
[EventCountry "AUT"]
[WhiteTeam "ZH-Technologies-Wolfsberg"]
[BlackTeam "SC Die Klagenfurter"]

1. d4 Nf6 2. Nf3 e6 3. c4 b6 4. Nc3 Bb7 5. a3 d5 6. cxd5 Nxd5 7. Qc2 Nxc3 8.
bxc3 Be7 9. e4 O-O 10. Bd3 c5 11. O-O Qc7 12. Qe2 Nd7 13. a4 Rac8 14. e5 Rfe8
15. Be3 Nf8 16. Nd2 cxd4 17. cxd4 Qd7 18. Qg4 Ng6 19. Bb5 Bc6 20. Ne4 Bxb5 21.
axb5 Rc7 22. Rfb1 Rec8 23. g3 Qd5 24. h4 h5 25. Qf3 Nf8 26. Kg2 g6 27. Ra4 Nd7
28. Bg5 Bxg5 29. hxg5 Rc4 30. Rbb4 Rxb4 31. Rxb4 Rc1 32. Nd2 Qa2 33. Qe3 Qa1
34. Nf3 Rc3 35. Qe2 Qa3 36. Rb1 Nf8 37. Rd1 Qa4 38. Rd2 Qb3 39. Ne1 Qd5+ 40.
Kh2 Nh7 41. f4 Qb3 42. Rb2 Qa3 43. Ra2 Qb3 44. Qb2 Rxg3 45. Qxb3 Rxb3 46. Rxa7
Rxb5 47. Kg3 Nf8 48. Kf3 Rd5 49. Ke3 Rd7 50. Ra8 Rb7 51. Nd3 Kg7 52. Nf2 b5 53.
Ne4 b4 54. Nc5 b3 55. Ra1 b2 56. Rb1 Rb8 57. Kd2 Rb6 58. Kc2 Rb8 59. Kc3 Rb6
60. Nd3 Nd7 61. Nb4 Rb8 62. Rxb2 Nb6 63. Ra2 Ra8 64. Rxa8 Nxa8 65. d5 exd5 66.
Nxd5 h4 67. Ne3 Nc7 68. Kd4 Kf8 69. Ke4 Ne6 70. Nd5 Ng7 71. Kf3 Ke8 72. Kg4 Nf5
73. Nf6+ Ke7 74. Ng8+ Ke6 {[%emt 0:00:00]} 75. Nh6 Nd4 76. Kxh4 Nb3 77. Kg3 Nd4
78. Kf2 Nc6 79. Ke3 Ne7 80. Ke4 Nc6 81. Ng4 Na5 82. Nf2 Nb3 83. Ke3 Kf5 84. Ne4
Na5 85. Nd6+ Ke6 86. Ke4 Nc6 87. Nb5 Na5 88. Nd4+ Ke7 89. Kd5 Nb7 90. Nb3 Nd8
91. Nc5 Kf8 92. Kd6 Ke8 93. e6 fxe6 94. Nd3 Kf8 95. Kc7 Nf7 96. Kd7 Kg7 97. Ke7
Nh8 98. Ne5 Kg8 99. Kxe6 Kg7 100. Ke7 Kh7 101. Nf7 1-0

[Event "2. Bundesliga Mitte 2011/12"]
[Site "Maria Saal"]
[Date "2011.12.04"]
[Round "6"]
[Board "3"]
[White "Genser, Harald"]
[Black "Steflitsch, Erich"]
[Result "1/2-1/2"]
[WhiteElo "2291"]
[BlackElo "2369"]
[PlyCount "84"]
[EventDate "2011.10.21"]
[EventType "team"]
[EventRounds "11"]
[EventCountry "AUT"]
[WhiteTeam "SC Die Klagenfurter"]
[BlackTeam "ZH-Technologies-Wolfsberg"]

1. d4 Nf6 2. c4 g6 3. Nc3 d5 4. Nf3 Bg7 5. cxd5 Nxd5 6. e4 Nxc3 7. bxc3 c5 8.
Be3 Qa5 9. Qd2 Nc6 10. Rb1 O-O 11. Rb5 cxd4 12. Rxa5 dxe3 13. Qxe3 Nxa5 14. Nd4
Bd7 15. e5 Rfc8 16. f4 a6 17. Nb3 Nxb3 18. axb3 e6 19. h4 a5 20. Be2 Bf8 21.
Qd3 Rc7 22. O-O a4 23. b4 Rac8 24. b5 Be8 25. c4 a3 26. Rd1 Rd7 27. Qb3 Rxd1+
28. Bxd1 Rd8 29. Bc2 Rd2 30. Qa4 Bd7 31. Bb3 Rb2 32. c5 Bxc5+ 33. Kh2 Bf8 34.
Qc4 Bxb5 35. Qxb5 a2 36. Qa4 Rxb3 37. Qxa2 Rb4 38. g3 h5 39. Qc2 b5 40. Kh3 Rd4
41. Qc3 Rd5 42. Qc6 b4 1/2-1/2

[Event "2. Bundesliga Mitte 2011/12"]
[Site "Maria Saal"]
[Date "2011.12.04"]
[Round "6"]
[Board "5"]
[White "Titz, Heimo"]
[Black "Wegerer, Fred"]
[Result "1/2-1/2"]
[WhiteElo "2202"]
[BlackElo "2159"]
[PlyCount "79"]
[EventDate "2011.10.21"]
[EventType "team"]
[EventRounds "11"]
[EventCountry "AUT"]
[WhiteTeam "SC Die Klagenfurter"]
[BlackTeam "ZH-Technologies-Wolfsberg"]

1. c4 {[%emt 0:00:00]} e5 2. g3 Nf6 3. Bg2 Nc6 4. Nc3 g6 5. e4 Bc5 6. d3 d6 7.
h3 h6 8. Nge2 Nh5 9. O-O a5 10. a3 Bd7 11. Nd5 Nd4 12. Be3 c6 13. Bxd4 Bxd4 14.
Nxd4 exd4 15. Nf4 Nxf4 16. gxf4 a4 17. Re1 O-O 18. Qf3 Ra5 19. e5 Bf5 20. exd6
Qxd6 21. Qg3 Qd8 22. Re2 h5 23. Rd1 Kh7 24. Qg5 Be6 25. Qxd8 Rxd8 26. Rde1 Rf5
27. Re4 b5 28. cxb5 Rxb5 29. R1e2 Bf5 30. Re7 Kg7 31. Bxc6 Rb3 32. Bxa4 Rxd3
33. Be8 Rxh3 34. Kg2 d3 35. Rxf7+ Kg8 36. Ree7 Rxe8 37. Rg7+ Kh8 38. Rh7+ Kg8
39. Reg7+ Kf8 40. Rf7+ 1/2-1/2

[Event "2. Bundesliga Mitte 2011/12"]
[Site "Maria Saal"]
[Date "2011.12.04"]
[Round "6"]
[Board "6"]
[White "Toefferl, Heimo"]
[Black "Singer, Hans"]
[Result "1/2-1/2"]
[WhiteElo "2102"]
[BlackElo "2260"]
[PlyCount "61"]
[EventDate "2011.10.21"]
[EventType "team"]
[EventRounds "11"]
[EventCountry "AUT"]
[WhiteTeam "ZH-Technologies-Wolfsberg"]
[BlackTeam "SC Die Klagenfurter"]

1. d4 {[%emt 0:00:00]} d5 {[%emt 0:00:00]} 2. c4 e6 3. Nc3 Nf6 4. cxd5 exd5 5.
Bg5 Be7 6. e3 c6 7. Qc2 Nbd7 8. Bd3 O-O 9. Nge2 Re8 10. O-O Nf8 11. Rad1 Nh5
12. Bxe7 Qxe7 13. Kh1 b6 14. e4 dxe4 15. Bxe4 Bb7 16. Rfe1 Nf6 17. Bf3 Rad8 18.
g3 Qd7 19. Kg1 Ne6 20. Qa4 Ba8 21. Rd2 Ng5 22. Bg2 Nge4 23. Rdd1 h6 24. Nf4
Nxc3 25. bxc3 Qc7 26. Nd3 a5 27. Qb3 c5 28. Bxa8 c4 29. Qb2 cxd3 30. Bg2 Rxe1+
31. Rxe1 1/2-1/2

[Event "2. Bundesliga Mitte 2011/12"]
[Site "Maria Saal"]
[Date "2011.12.04"]
[Round "6"]
[Board "1"]
[White "Neubauer, Martin"]
[Black "Kreisl, Robert"]
[Result "1/2-1/2"]
[WhiteElo "2431"]
[BlackElo "2402"]
[PlyCount "62"]
[EventDate "2011.10.21"]
[EventType "team"]
[EventRounds "11"]
[EventCountry "AUT"]
[WhiteTeam "SV ASVOE Fundermax St. Veit/Glan"]
[BlackTeam "SK MPOE Maria Saal"]

1. d4 d5 2. c4 c6 3. Nf3 Nf6 4. Nc3 dxc4 5. a4 Bf5 6. Ne5 Nbd7 7. Nxc4 Qc7 8.
g3 e5 9. dxe5 Nxe5 10. Bf4 Nfd7 11. Bg2 g5 12. Nxe5 gxf4 13. Nxd7 O-O-O 14. Qd4
Qxd7 15. Qxh8 Qd2+ 16. Kf1 Qxb2 17. Re1 Bb4 18. Qf6 Qc2 19. Ne4 Be6 20. f3 Bxe1
21. Kxe1 Qc1+ 22. Kf2 Qe3+ 23. Ke1 Qc1+ 24. Kf2 Qe3+ 25. Ke1 Rd1+ 26. Kxd1 Bb3+
27. Ke1 Qc1+ 28. Kf2 Qe3+ 29. Ke1 Qc1+ 30. Kf2 Qe3+ 31. Ke1 Qc1+ 1/2-1/2

[Event "2. Bundesliga Mitte 2011/12"]
[Site "Maria Saal"]
[Date "2011.12.04"]
[Round "6"]
[Board "2"]
[White "Schachinger, Mario"]
[Black "Mazi, Leon"]
[Result "1/2-1/2"]
[WhiteElo "2386"]
[BlackElo "2352"]
[PlyCount "112"]
[EventDate "2011.10.21"]
[EventType "team"]
[EventRounds "11"]
[EventCountry "AUT"]
[WhiteTeam "SK MPOE Maria Saal"]
[BlackTeam "SV ASVOE Fundermax St. Veit/Glan"]

1. Nf3 {[%emt 0:00:00]} c5 2. c4 Nc6 3. Nc3 g6 4. g3 Bg7 5. Bg2 e5 6. O-O Nge7
7. Ne1 d6 8. Nc2 O-O 9. Rb1 Be6 10. Ne3 Qd7 11. a3 Bh3 12. b4 Bxg2 13. Kxg2 f5
14. d3 Rf7 15. Ned5 Raf8 16. b5 Nxd5 17. bxc6 Nxc3 18. cxd7 Nxd1 19. Rxd1 Rxd7
20. e4 h5 21. f3 Kh7 22. Rb2 Rdf7 23. h3 Bh6 24. Bxh6 Kxh6 25. Rb3 Re8 26. Rdb1
Ree7 27. a4 Kg5 28. h4+ Kf6 29. a5 g5 30. Kh2 Rg7 31. Rg1 Ref7 32. Rb2 Ke6 33.
g4 fxg4 34. fxg4 Rf4 35. Rbg2 Rxg4 36. Rxg4 hxg4 37. Rxg4 Rh7 38. Rxg5 Rxh4+
39. Kg2 Rf4 40. Rg8 Kd7 41. Rg6 Rf7 42. Rh6 Kc6 43. Rg6 a6 44. Rh6 b6 45. axb6
Rb7 46. Kf2 Rxb6 47. Ke2 Rb2+ 48. Kd1 a5 49. Kc1 Ra2 50. Rh8 a4 51. Ra8 Kb6 52.
Rb8+ Ka5 53. Rb5+ Ka6 54. Rb8 Ka7 55. Rb5 Ka6 56. Rb8 Ka7 1/2-1/2

[Event "2. Bundesliga Mitte 2011/12"]
[Site "Maria Saal"]
[Date "2011.12.04"]
[Round "6"]
[Board "4"]
[White "Halvax, Georg"]
[Black "Ceschia, Ivano"]
[Result "1-0"]
[WhiteElo "2326"]
[BlackElo "2316"]
[PlyCount "53"]
[EventDate "2011.10.21"]
[EventType "team"]
[EventRounds "11"]
[EventCountry "AUT"]
[WhiteTeam "SK MPOE Maria Saal"]
[BlackTeam "SV ASVOE Fundermax St. Veit/Glan"]

1. e4 c5 2. Nf3 Nc6 3. d4 cxd4 4. Nxd4 Qb6 5. Nb3 Nf6 6. Nc3 e6 7. Be3 Qc7 8.
a3 a6 9. Qd2 b5 10. f3 b4 11. Na4 bxa3 12. bxa3 Rb8 13. Be2 d5 14. Nac5 dxe4
15. fxe4 Bd6 16. Rd1 Be5 17. g3 h5 18. Bf3 Ng4 19. Bf4 g5 20. Bxe5 Ncxe5 21.
Bg2 h4 22. Qxg5 h3 23. Qg7 hxg2 24. Qxh8+ Ke7 25. Qh4+ Nf6 26. Rf1 g1=Q 27.
Qxf6+ 1-0

[Event "2. Bundesliga Mitte 2011/12"]
[Site "Maria Saal"]
[Date "2011.12.04"]
[Round "6"]
[Board "5"]
[White "Salihovic, Amar"]
[Black "Rieger, Robert"]
[Result "1/2-1/2"]
[WhiteElo "2195"]
[BlackElo "2167"]
[PlyCount "67"]
[EventDate "2011.10.21"]
[EventType "team"]
[EventRounds "11"]
[EventCountry "AUT"]
[WhiteTeam "SV ASVOE Fundermax St. Veit/Glan"]
[BlackTeam "SK MPOE Maria Saal"]

1. e4 c5 2. Nc3 e6 3. g3 d5 4. Bg2 dxe4 5. Nxe4 Nf6 6. Nxf6+ Qxf6 7. Nf3 Nc6 8.
O-O Be7 9. d3 O-O 10. Re1 h6 11. Qe2 Rd8 12. c3 Bd7 13. Bf4 Rac8 14. Rad1 Be8
15. Nd2 Qg6 16. Be4 Qf6 17. Nc4 Kh8 18. Qh5 g5 19. Bxc6 gxf4 20. Bxe8 Rxe8 21.
Re4 Rg8 22. Qf3 fxg3 23. Qxf6+ Bxf6 24. hxg3 Rcd8 25. Kf1 Rg6 26. Ke2 Kh7 27.
Rh1 Bg7 28. Ne5 Bxe5 29. Rxe5 b6 30. Rh4 Kg7 31. Reh5 Rd6 32. a4 Rd5 33. Rxd5
exd5 34. Rh5 1/2-1/2

[Event "2. Bundesliga Mitte 2011/12"]
[Site "Graz"]
[Date "2011.12.04"]
[Round "6"]
[Board "3"]
[White "Pesorda, Ivan"]
[Black "Radnetter, Georg"]
[Result "1-0"]
[WhiteElo "2278"]
[BlackElo "2269"]
[PlyCount "53"]
[EventDate "2011.10.21"]
[EventType "team"]
[EventRounds "11"]
[EventCountry "AUT"]
[WhiteTeam "Strassenbahn Graz"]
[BlackTeam "SK Sparkasse Fuerstenfeld"]

1. d4 Nf6 2. c4 e6 3. Nc3 Bb4 4. Qc2 c5 5. dxc5 O-O 6. Nf3 Na6 7. g3 Nxc5 8.
Bg2 b6 9. O-O Bb7 10. a3 Bxc3 11. Qxc3 Rc8 12. Bf4 b5 13. cxb5 Nd5 14. Qd4 Nb3
15. Qxa7 Nxf4 16. gxf4 Nxa1 17. Qxb7 Nb3 18. Ne5 f6 19. Qxd7 fxe5 20. Qxe6+ Kh8
21. Qxb3 Rxf4 22. b6 e4 23. Rd1 Qf8 24. b7 Rb8 25. Rc1 Rxf2 26. Bh3 Qd6 27. Qg3
1-0

[Event "2. Bundesliga Mitte 2011/12"]
[Site "Graz"]
[Date "2011.12.04"]
[Round "6"]
[Board "4"]
[White "Rabel, Christoph"]
[Black "Steiner, Stefan"]
[Result "1-0"]
[WhiteElo "2245"]
[BlackElo "2272"]
[PlyCount "69"]
[EventDate "2011.10.21"]
[EventType "team"]
[EventRounds "11"]
[EventCountry "AUT"]
[WhiteTeam "SK Sparkasse Fuerstenfeld"]
[BlackTeam "Strassenbahn Graz"]

1. Nc3 d5 2. e4 dxe4 3. Nxe4 Bf5 4. Ng3 Bg6 5. Nf3 Nd7 6. Bc4 e6 7. O-O c6 8.
d4 Qc7 9. Qe2 O-O-O 10. a4 Ngf6 11. c3 Bd6 12. b4 Rhe8 13. b5 c5 14. a5 b6 15.
axb6 Nxb6 16. Bg5 Rd7 17. Rfc1 Nxc4 18. Qxc4 Nd5 19. Ra6 Nb6 20. Qe2 f6 21. Be3
e5 22. dxc5 Bxc5 23. Nd4 Bxd4 24. cxd4 exd4 25. Rxc7+ Rxc7 26. Qg4+ f5 27. Qxd4
Rd8 28. Qa1 Rcd7 29. Qc1+ Rc7 30. Qf1 Kb7 31. h4 Rcd7 32. Qe2 Rd5 33. Qa2 Nc8
34. Rc6 Be8 35. Qa6+ 1-0

[Event "2. Bundesliga Mitte 2011/12"]
[Site "Graz"]
[Date "2011.12.04"]
[Round "6"]
[Board "6"]
[White "Hatzl, Johannes"]
[Black "Teuschler, Hugo"]
[Result "1-0"]
[WhiteElo "2103"]
[BlackElo "2042"]
[PlyCount "93"]
[EventDate "2011.10.21"]
[EventType "team"]
[EventRounds "11"]
[EventCountry "AUT"]
[WhiteTeam "SK Sparkasse Fuerstenfeld"]
[BlackTeam "Strassenbahn Graz"]

1. e4 c5 2. Nf3 d6 3. c3 Nf6 4. Be2 g6 5. O-O Bg7 6. Re1 O-O 7. Bf1 Nc6 8. Na3
Bg4 9. h3 Bxf3 10. Qxf3 Rc8 11. d3 a6 12. Be3 Nd7 13. Qe2 b5 14. Nc2 b4 15. d4
cxd4 16. cxd4 a5 17. Qd2 Re8 18. f3 Qc7 19. Rec1 Qb7 20. Qd3 Ncb8 21. Ne1 Rxc1
22. Rxc1 Rc8 23. Rxc8+ Qxc8 24. Qb5 Qc7 25. Qc4 Qxc4 26. Bxc4 Nb6 27. Bb5 d5
28. e5 f6 29. f4 Nc4 30. Bc1 Kf7 31. Nd3 e6 32. Nc5 Ke7 33. b3 Na3 34. Bxa3
bxa3 35. Kf2 Bh6 36. Kf3 fxe5 37. dxe5 Bf8 38. Ke3 Kf7 39. Kd4 Bh6 40. g3 Bf8
41. g4 Be7 42. Nd3 h6 43. f5 gxf5 44. gxf5 exf5 45. Kxd5 Bh4 46. Kd6 Bg3 47.
Kc7 1-0

[Event "2. Bundesliga Mitte 2011/12"]
[Site "Graz"]
[Date "2011.12.04"]
[Round "6"]
[Board "1"]
[White "Kovacs, Gabor"]
[Black "Sakelsek, Tadej"]
[Result "1/2-1/2"]
[WhiteElo "2498"]
[BlackElo "2407"]
[PlyCount "95"]
[EventDate "2011.10.21"]
[EventType "team"]
[EventRounds "11"]
[EventCountry "AUT"]
[WhiteTeam "Union Styria Graz Kleine Zeitung"]
[BlackTeam "ESV Austria Graz"]

1. d4 Nf6 2. c4 e6 3. Nc3 Bb4 4. e3 O-O 5. Nf3 d5 6. Bd3 c5 7. O-O dxc4 8. Bxc4
cxd4 9. exd4 b6 10. Bg5 Bb7 11. Rc1 Nbd7 12. Re1 Rc8 13. Bd3 Re8 14. Qe2 Bxc3
15. bxc3 Qc7 16. Bh4 Nh5 17. Ng5 g6 18. Nh3 Qd6 19. Qb2 e5 20. f3 exd4 21. cxd4
Rxc1 22. Rxc1 Nf4 23. Nxf4 Qxf4 24. Bf2 Nf6 25. Bb5 Rc8 26. Rxc8+ Bxc8 27. Qa3
Be6 28. Be3 Qh4 29. Qc1 Nd5 30. Bf2 Qf4 31. Qxf4 Nxf4 32. a3 Kf8 33. Bg3 g5 34.
Be1 Nd5 35. Bd2 f6 36. Bd3 h6 37. h4 Ke7 38. Kf2 Kd6 39. g3 a5 40. Ke2 Bd7 41.
Kf2 Be6 42. Bc2 Ne7 43. Bc3 gxh4 44. gxh4 h5 45. Ke2 Nf5 46. d5 Kxd5 47. Bxf5
Bxf5 48. Bxf6 1/2-1/2